| 000 | 00763nam a22002777a 4500 | ||
|---|---|---|---|
| 003 | OSt | ||
| 008 | 150515b xxu||||| |||| 00| 0 eng d | ||
| 100 | 1 | _aLindquist, H. L. | |
| 041 | _aeng | ||
| 050 | 0 | 0 | _a383.2135S |
| 245 | 1 | 0 | _aThe Stamp Specialist |
| 246 | 1 | 0 | _aChartreuse Book (Number 19) |
| 260 |
_aNew York, NY _bH. L. Lindquist |
||
| 300 | _a128 pages | ||
| 650 | 0 | _aGeneral | |
| 650 | 0 | _aUS Columbian Stamped Envelopes | |
| 650 | 0 | _aUncatalogued Patriotic Envelopes | |
| 650 | 0 | _aPuerto Rico Postmaster Provisionals of 1898 | |
| 650 | 0 | _aStreet Car RPO System | |
| 650 | 0 | _a1860 Peru Double Transfers | |
| 650 | 0 | _aEights | |
| 650 | 0 | _aOverrun Nations | |
| 650 | 0 | _aRobert E. Lee Letters | |
| 650 | 0 | _aBooklets | |
| 650 | 0 | _aBooklet Panes | |
| 999 |
_c1476 _d1476 |
||